World Leaders (past & present) - Statistics

General Stats
  • This quiz has been taken 34 times
  • The average score is 9 of 16
Answer Stats
Picture Hint Answer % Correct
USA Reagan
97%
UK Thatcher
94%
Russia Stalin
90%
Iraq Hussein
87%
Canada Trudeau
87%
Israel Netanyahu
84%
Syria Assad
74%
Turkey Erdogan
58%
Vietnam Minh
55%
China Zedong
52%
Iran Khamenei
32%
Peru Fujimori
29%
Rwanda Kagame
29%
(Dem Rep) Congo Mobutu
29%
CAR Bokassa
13%
Myanmar San Suu Kyi
3%
No matching quizzes found
Score Distribution
Percent of People with Each Score
Percentile by Number Answered
Your Score History
You have not taken this quiz